Least Populated World Capitals - Statistics

General Stats
  • This quiz has been taken 56 times
  • The average score is 12 of 20
Answer Stats
Population World Capital % Correct
826 Vatican City
95%
4,493 San Marino
85%
5,248 Vaduz
78%
4,492 Funafuti
71%
22,679 St. John's
71%
22,400 Nukuʻalofa
68%
30,000 South Tarawa
68%
1,100 Yaren
68%
22,884 Andorra la Vella
66%
6,444 Valletta
61%
13,043 Basseterre
59%
14,843 Roseau
59%
7,500 St. George's
59%
391 Ngerulmud
56%
9,900 Palikir
56%
29,298 Victoria
56%
25,400 Majuro
51%
28,135 Bandar Seri Begawan
49%
16,451 Belmopan
37%
34,828 Banjul
27%
No matching quizzes found
Score Distribution
Percent of People with Each Score
Percentile by Number Answered
Your Score History
You have not taken this quiz